000
00280nam a2200133Ia 4500
100
_a
Parkinson.A.C
942
_c
BK
654
_a
inspection
245
_a
Engineering Inspection.
260
_b
Sir Issac Pitman
_c
2001
082
_a
620.0044
300
_a
171
546
_a
ENGLISH
999
_c
24004
_d
24004